Normal view
MARC view
- Police.
Entry Topical Term
001 - CONTROL NUMBER
- control field: 42002
003 - CONTROL NUMBER IDENTIFIER
- control field: OSt
005 - DATE AND TIME OF LATEST TRANSACTION
- control field: 20200306095752.0
008 - FIXED-LENGTH DATA ELEMENTS
- fixed length control field: 200306|| aca||aabn | a|a d
040 ## - CATALOGING SOURCE
- Original cataloging agency: OSt
- Transcribing agency: OSt
150 ## - HEADING--TOPICAL TERM
- Topical term or geographic name entry element: Police.
670 ## - SOURCE DATA FOUND
- Source citation: Work cat.: (OSt): 42001 Gamil, Jaymee T. Author., PNP confirms vs ACT teachers intel operation/, ©2019.
